000 00353nam a2200157Ia 4500
008 151213s9999 xx 000 0 und d
100 _aKeats
245 _aThe Counturies Poetry
_cKeats
250 _a18th
260 _aU. S.
_bPenguijng Book
_c1950
300 _a4333 p.
650 _aEnglish
650 _aPoetry
700 _aKeats
999 _c2747
_d2747